Skeletal System - Statistics

General Stats
  • This quiz has been taken 205 times
  • The average score is 9 of 11
Answer Stats
Hint Answer % Correct
Upper leg Femur
91%
Lower leg Tibia, fibula
91%
Skull Cranium
89%
Forearm Radius, ulna
87%
Collarbone Clavicle
85%
Shoulder blade Scapula
81%
Funny bone Humerus
79%
Breastbone Sternum
79%
Jaw Mandible
78%
Hip bone Pelvis
70%
Spine Vertebrae
68%
No matching quizzes found
Score Distribution
Percent of People with Each Score
Percentile by Number Answered
Your Score History
You have not taken this quiz